Statistics for K-pop Boy group members

Click here to take the quiz!

General Stats

  • This quiz has been taken 36 times
  • The average score is 9 of 16

Answer Stats

Answer% Correct
Felix
97%
Bangchan
91%
Huening Kai
82%
Sunoo
76%
woozi
73%
Jungwon
70%
Soobin
67%
Keeho
64%
Mark
61%
Mingi
61%
Mingyu
52%
Soul
52%
Zhang Hao
33%
Haruto
30%
Hyeongjun
6%
Yewang
3%

Score Distribution

Percentile by Number Answered

Percent of People with Each Score

Your Score History

You have not taken this quiz